000 00538nam a2200217Ia 4500
003 OSt
005 20220924134019.0
006 a|||||r|||| 00| 0
007 ta
008 220923b |||||||| |||| 00| 0 snd d
024 _a271759
037 _cTextual
040 _aARTS
_cARTS
_bsnd
041 _2snd
_asnd
082 _aO152,3N32,NB, 1593K1
100 _aSharma
_9101321
245 0 _aNeer bharya naih
260 _c1961
942 _hO152,3N32,NB, 1593K1
_cTEXL
_2CC
999 _c436119
_d436119